Odpisovanie osobných automobilov po 1. apríli 1995

Odpisovanie automobilov podľa zákona NR SR č. 58/1995 Z.z. o štátnom rozpočte a zákona č. 286/1992 Zb. o daniach z príjmov. Obmedzenie odpisov. Suma zahrnutá do výdavkov pri osobných automobiloch s dohodnutým prenájmom.

Salvato in:
Dettagli Bibliografici
Autore principale: Faiglová, Svetlana
Natura: Capitolo di libro
Lingua:slovacco
Soggetti:
Tags: Aggiungi Tag
Nessun Tag, puoi essere il primo ad aggiungerne!!

MARC

LEADER 00000naa a2200000 4500
001 r018453
005 20221213100145.6
041 0 |a slo 
044 |a SK 
245 1 0 |a Odpisovanie osobných automobilov po 1. apríli 1995  |c Svetlana Faiglová 
520 |a Odpisovanie automobilov podľa zákona NR SR č. 58/1995 Z.z. o štátnom rozpočte a zákona č. 286/1992 Zb. o daniach z príjmov. Obmedzenie odpisov. Suma zahrnutá do výdavkov pri osobných automobiloch s dohodnutým prenájmom. 
610 2 0 |a odpisy 
610 2 0 |a zákony 
610 2 0 |a Slovensko 
610 2 0 |a 1992 
610 2 0 |a 1995 
610 2 0 |a dane z príjmov 
610 2 0 |a automobily osobné 
610 2 0 |a dane 
100 1 |a Faiglová, Svetlana